| 000 | 00343nam a22001337a 4500 | ||
|---|---|---|---|
| 008 | 170913b xxu||||| |||| 00| 0 eng d | ||
| 020 | _a9781401810320 | ||
| 041 | _aeng | ||
| 080 |
_27TH _a53 |
||
| 100 | _a43 | ||
| 101 | _aFIZ | ||
| 245 |
_aFLUIDS AND ELECTROLYTES WITH CLINICAL APPLICATIONS A PROGRAMMED APPROACH _cKEE,J.L |
||
| 942 |
_2udc _cBK |
||
| 999 |
_c27442 _d27442 |
||